书目信息 |
| 题名: |
地下水资源利用与生态环境保护
|
|
| 作者: | 哈建强 , 陈继章 , 王颖 著 | |
| 分册: | ||
| 出版信息: | 北京 中国纺织出版社 2018 |
|
| 页数: | 286页 | |
| 开本: | 24cm | |
| 丛书名: | ||
| 单 册: | ||
| 中图分类: | P641.8 | |
| 科图分类: | ||
| 主题词: | 地下水资源--di xia shui zi yuan--水资源利用--研究 , 地下水资源--di xia shui zi yuan--水资源保护--研究 | |
| 电子资源: | ||
| ISBN: | 978-7-5180-4233-3 | |
| 000 | 01217nam0 2200289 450 | |
| 001 | 012001003058 | |
| 005 | 20140126154613.0 | |
| 010 | @a978-7-5180-4233-3@dCNY78.00 | |
| 099 | @aCAL 012018103085 | |
| 100 | @a20180802d2018 em y0chiy50 ea | |
| 101 | 0 | @achi |
| 102 | @aCN@b110000 | |
| 105 | @ay a 000yy | |
| 106 | @ar | |
| 200 | 1 | @a地下水资源利用与生态环境保护@Adi xia shui zi yuan li yong yu sheng tai huan jing bao hu@f哈建强, 陈继章, 王颖著 |
| 210 | @a北京@c中国纺织出版社@d2018 | |
| 215 | @a286页@d24cm | |
| 320 | @a有书目 (第285-286页) | |
| 330 | @a本书首先对水环境保护进行了简要的阐述, 然后对水质保护的主要内容和水资源合理开发利用进行了介绍, 其次论述了地下水和中国煤田水文地质等内容, 再次从水污染、大气污染和土壤污染等三个角度对环境科学进行了研究, 最后阐述了环境监控、评价与管理, 希望本书能够给读者在地下水资源利用与生态环境保护方面提供借鉴和启发。 | |
| 606 | 0 | @a地下水资源@Adi xia shui zi yuan@x水资源利用@x研究 |
| 606 | 0 | @a地下水资源@Adi xia shui zi yuan@x水资源保护@x研究 |
| 690 | @aP641.8@v5 | |
| 701 | 0 | @a哈建强@Aha jian qiang@4著 |
| 701 | 0 | @a陈继章@Achen ji zhang@4著 |
| 701 | 0 | @a王颖@Awang ying@4著 |
| 801 | 0 | @aCN@b北京卓展@c20191020 |
| 905 | @b1210242-4@dP641.8@e114@f3 | |
| 地下水资源利用与生态环境保护/哈建强, 陈继章, 王颖著.-北京:中国纺织出版社,2018 |
| 286页;24cm |
| ISBN 978-7-5180-4233-3:CNY78.00 |
| 本书首先对水环境保护进行了简要的阐述, 然后对水质保护的主要内容和水资源合理开发利用进行了介绍, 其次论述了地下水和中国煤田水文地质等内容, 再次从水污染、大气污染和土壤污染等三个角度对环境科学进行了研究, 最后阐述了环境监控、评价与管理, 希望本书能够给读者在地下水资源利用与生态环境保护方面提供借鉴和启发。 |
| ● |
| 相关链接 |
|
|
|
|
正题名:地下水资源利用与生态环境保护
索取号:P641.8/114
 
预约/预借
| 序号 | 登录号 | 条形码 | 馆藏地/架位号 | 状态 | 备注 |
| 1 | 1210242 | 212102428 | 第二样本阅览室/ [索取号:P641.8/114] | 在馆 | |
| 2 | 1210243 | 212102437 | 第三借阅区/ [索取号:P641.8/114] | 在馆 | |
| 3 | 1210244 | 212102446 | 第三借阅区/ [索取号:P641.8/114] | 在馆 |